| 000 | 00000nam 2200000zi 4500 |
| 001 | 9.897095 |
| 003 | CaOODSP |
| 005 | 20240403131000 |
| 006 | m o d f |
| 007 | cr |n||||||||| |
| 008 | 210303e19840328onc|||| ob f00| 0|eng d |
| 040 | |aCaOODSP|beng|erda|cCaOODSP |
| 043 | |an-cn--- |
| 086 | 1 |aC23-223/1984E-PDF |
| 100 | 1 |aProulx, Pierre-Paul |d1938- |eauthor. |
| 245 | 10|aTrade liberalization and industrial adjustment policy for Canada / |cPierre-Paul Proulx. |
| 264 | 1|a[Ottawa] : |bDepartment of Regional Industrial Expansion, |cMarch 28, 1984. |
| 300 | |a1 online resource (23 pages) |
| 336 | |atext|btxt|2rdacontent |
| 337 | |acomputer|bc|2rdamedia |
| 338 | |aonline resource|bcr|2rdacarrier |
| 500 | |aDigitized edition from print [produced by Innovation, Science and Economic Development Canada]. |
| 500 | |a"A paper prepared for the Canada-U.S.A. Trade Relations: Problems and Prospects Conference, Brigham Young University, Provo, Utah, , March 30, 1984." |
| 504 | |aIncludes bibliographical references. |
| 650 | 0|aIndustrial policy|zCanada. |
| 650 | 0|aIndustrial promotion|zCanada. |
| 650 | 0|aFree trade|zCanada. |
| 650 | 6|aPolitique industrielle|zCanada. |
| 650 | 6|aPromotion industrielle|zCanada. |
| 650 | 6|aLibre-échange|zCanada. |
| 710 | 1 |aCanada. |bDepartment of Regional Industrial Expansion, |eissuing body. |
| 856 | 40|qPDF|s599 KB|uhttps://publications.gc.ca/collections/collection_2024/isde-ised/c23/C23-223-1984-eng.pdf |